=LDR 00000nam 2200000 4500 =001 INLIS000000000002341 =005 20220520043141 =035 ##$$a 0010-0122001016 =245 1#$$a Laporan Kuliah Kerja Praktek PT. Consolidated Electric Power Asia (Instrumentation and Control) : $b Kuliah Kerja Praktek /$c Putri Sri Anita =100 #$$a PUTRI Sri Anita =250 ##$$a 2019 =300 ##$$a viii, 43 halaman : $b Tabel, Gambar ; $c 19,5x29 cm =856 ##$$a OPAC (Rak LKKP OSP 2019) =260 ##$$a Makassar :$b Politeknik ATI Makassar - Otomasi Sistem Permesinan,$c 2019 =082 ##$$a (R)2019 LKKP-OSP 818 =084 ##$$a (R)2019 LKKP-OSP 818 PUT l =650 #4$$a Laporan Praktek OSP 2019 =500 ##$$a Laporan Praktek OSP 2019 =008 220520################|##########|#|## =990 ##$$a 37/LKKP OSP 2019